00844nam a22001817a 4500003000900000008004100009040007100050082001700121100002400138245009500162260011900257300002800376505017000404650002300574650002300597650002900620650001300649AR-CdUCM190313b ||||| |||| 00| 0 spa d aMUNICIPALIDAD PROVINCIAL DEL CUSCOcBIBLIOTECA MUNICIPAL DEL CUSCO a869.5 /bN97 aNúñez, Estuardo aAutores germanos en el Perú :bFlorilegio de la poesía alemana en versiones peruanas / aLima :bMinisterio de Educación Pública, Dirección de Educación Artística y Extensión Cultural,c1953. a192 páginas ;c22 cm. aContenido:La literatura Alemana en el Perú -- Goethe en el Perú -- Criticismo e hispanismo en Lessing y su vigencia en el Perú -- Enrique Heine en el Perú... aLiteratura peruana aInfluencia alemana aTraducciones al alemán aAlemanes